00361nam a2200109Ia 4500008004100000082001300041100001700054245006400071942000600135952009500141999001500236240331s9999 xx 000 0 und d a376bWEE aWeeratunge,N 0aAspects of ethnicity and gender among the Rodi of Sri LAnka cL 001040708LaWERCLbWERCLcSSCd2024-03-31l0o 376 WEEp5986r2024-03-31w2024-03-31yL c1301d1301